000 00989nam a2200301 i 4500
001 000017286
003 DO-SdBNP
005 20250401134951.0
007 ta
008 100322s1986 dr 000 j spa d
040 _aDO-SdBNP
_bspa
_cBNPHU
_erda
041 _aspa
082 4 _aRD863.44
_bV443c
_222
100 1 _aVeloz Maggiolo, Marcio,
_d1936-2021
_eautor
_4aut.
_91104
245 1 0 _aCuentos, recuentos y casicuentos /
_cMarcio Veloz Maggiolo.
264 4 _aSanto Domingo :
_bEdiciones de Taller,
_c©1986.
300 _a103 páginas ;
_c21 cm.
336 _atexto
_btxt
_2rdacontent
337 _asin mediación
_bn
_2rdamedia
338 _avolumen
_bnc
_2rdacarrier
490 0 _aColección Biblioteca Taller ;
_v228
500 _aIncluye datos biográficos del autor en la contracubierta.
590 _aInventariado, 2020 / DG
650 4 _aCuentos dominicanos
_9176
650 4 _aLiteratura dominicana.
_967
910 _aValidado. Control de calidad MFF
942 _2ddc
_cLBS1
999 _c16811
_d16811